Los libros canónicos chinos (Record no. 186113)

MARC details
000 -LEADER
campo de control de longitud fija 01134nam a2200289 i 4500
001 - NÚMERO DE CONTROL
campo de control 186113
003 - IDENTIFICADOR DE NÚMERO DE CONTROL
campo de control SpMaBN
005 - FECHA Y HORA DE LA ÚLTIMA TRANSACCIÓN
campo de control 20251201193400.0
008 - DATOS DE LONGITUD FIJA--INFORMACIÓN GENERAL
campo de control de longitud fija 160909s1969 sp |||| | spa d
080 ## - NÚMERO DE LA CLASIFICACIÓN DECIMAL UNIVERSAL
Número de la Clasificación Decimal Universal 299.512
080 ## - NÚMERO DE LA CLASIFICACIÓN DECIMAL UNIVERSAL
Número de la Clasificación Decimal Universal 1(51)(093.3)
130 0# - ENTRADA PRINCIPAL--TÍTULO UNIFORME
Título uniforme Si shu.
Lenguaje de la obra Español.
9 (RLIN) 165811
245 14 - MENCIÓN DEL TÍTULO
Título Los libros canónicos chinos
Resto del título : la religión y la filosofía más antiguas y la moral y la política más perfectas de la humanidad /
Mención de responsabilidad, etc. Confucio (Kung-Fu-Tsé) y Mencio (Meng-Tsé) ; traducción, noticias preliminares y notas de Juan B. Bergua.
246 34 - FORMA VARIANTE DEL TITULO
Título propio/Titulo breve Confucio y Mencio
Resto del título : el Chu-King, el el Ta Hio, el Lun-Yu, el Tchung-Yung, el Meng-Tseu
250 ## - MENCION DE EDICION
Mención de edición 2ª ed.
260 ## - PUBLICACIÓN, DISTRIBUCIÓN, ETC.
Lugar de publicación, distribución, etc. Madrid :
Nombre del editor, distribuidor, etc. Clásicos Bergua,
Fecha de publicación, distribución, etc. 1969.
300 ## - DESCRIPCIÓN FÍSICA
Extensión 635 p. ;
Dimensiones 17 cm.
490 1# - MENCIÓN DE SERIE
Mención de serie Tesoro literario ;
Designación de volumen o secuencia 20
650 07 - PUNTO DE ACCESO ADICIONAL DE MATERIA--TÉRMINO DE MATERIA
Término de materia o nombre geográfico como elemento de entrada Confucianismo.
9 (RLIN) 11279
650 #7 - PUNTO DE ACCESO ADICIONAL DE MATERIA--TÉRMINO DE MATERIA
Término de materia o nombre geográfico como elemento de entrada Filosofía-
Subdivisión geográfica China.
9 (RLIN) 160782
700 0# - ENTRADA AGREGADA--NOMBRE PERSONAL
Nombre de persona Confucio.
9 (RLIN) 40169
700 0# - ENTRADA AGREGADA--NOMBRE PERSONAL
Nombre de persona Mencio.
9 (RLIN) 80086
700 1# - ENTRADA AGREGADA--NOMBRE PERSONAL
Nombre de persona Bergua, Juan B.,
Fechas asociadas al nombre 1892-1991
9 (RLIN) 28018
830 0# - PUNTO DE ACCESO ADICIONAL DE SERIE-TÍTULO UNIFORME
Título uniforme Tesoro literario ;
Designación de volumen o secuencia 20
9 (RLIN) 184264
852 ## - LOCALIZACIÓN
Ubicación ES-MaACL
Número de control de estantería L-30658
Nota libre . - Donat. Miguel A. Velasco
Holdings
Estatus retirado Estado de pérdida Estado de daño No para préstamo Biblioteca de origen Biblioteca actual Ubicación en estantería Fecha de adquisición Fuente de adquisición Total de préstamos Signatura topográfica completa Código de barras Visto por última vez Precio de reemplazo Tipo de ítem Koha
        Biblioteca del Ateneo de Madrid Biblioteca del Ateneo de Madrid Depósito 2 09/09/2016     L-30658 1196220 23/02/2023 23/02/2023 Libro impreso